000 00305nam a2200109 4500
008 180215b xxu||||| |||| 00| 0 eng d
245 _aInt'l agribusiness trade exhibit slated.
260 _aPhilippines:
_bManila Bulletin,
_cc2016.
300 _apage C-2.
650 0 _926498
_aAgriculture.
942 _2ddc
_cPER
999 _c8645
_d8645